000 00594nam a2200229Ia 4500
003 OSt
005 20221007080803.0
006 a|||||r|||| 00| 0
007 ta
008 221006b |||||||| |||| 00| 0 eng d
024 _a11,323
037 _cTextual
040 _aFLL
_cFLL
_beng
041 _2eng
_aeng
082 _aVv, K3
100 _aGilmore Myron P. Au.
_9695515
245 0 _aHumanists and jurists
260 _aNew York
_bClarendon Press U.S.A.
_c1963
300 _a184p
_ccm.
942 _hVv, K3
_cTEXL
_2CC
999 _c1160895
_d1160895